00345nam a2200133Ia 4500003000400000005001700004008004100021040001800062041000800080100004500088110001900133245003900152260002000191OSt20230526152555.0211028s2016 xx 000 0 und d cAIMIT LIBRARY aeng aD'souza, Clara; D'Souza, Mithun.e141904 aMithun D'Souza aFinancial asset management system. aMangalorec2016